Rybníky /

Salvato in:
Dettagli Bibliografici
Autore principale: Tresová, Anna (Autore)
Natura: Libro
Lingua:slovacco
Pubblicazione: Bratislava : SVŠT v Bratislave, 1988
Tags: Aggiungi Tag
Nessun Tag, puoi essere il primo ad aggiungerne!!

MARC

LEADER 00000nam a22000003a 4500
001 stu29014
005 20180126095957.8
008 950529s1988----xo------------------slo-d
040 |a STU  |b slo 
041 0 |a slo 
044 |a xo 
080 |a 626.886(075.8) 
100 1 |a Tresová, Anna  |4 aut 
245 1 |a Rybníky /  |c [aut]Tresová,Anna 
260 |a Bratislava :  |b SVŠT v Bratislave,  |c 1988 
300 |a 183 s 
996 |b 284V003256  |c V*29858/S-88  |l VVS  |s A  |a 24  |w stu29014_0002 
996 |b 284V003244  |c V*29857/S-88  |l VVS  |s A  |a 24  |w stu29014_0014 
996 |b 284V003251  |c V*30459/S-89  |l VVS  |s A  |a 24  |w stu29014_0015 
996 |b 284V003250  |c V*30460/S-89  |l VVS  |s A  |a 24  |w stu29014_0016 
996 |b 284V023674  |c V*36639/O-15319  |l VVT  |s A  |a 24  |w stu29014_0017 
996 |b 284V023673  |c V*36640/O-15319a  |l VVT  |s A  |a 24  |w stu29014_0018